[Event "Mechanics' Spring TNM; 30/90, SD/30"]
[Site "San Francisco"]
[Date "2011.04.12"]
[Round "5.9"]
[White "Rumph, Todd"]
[Black "Persidsky, Andre"]
[Result "1-0"]
[WhiteElo "2161"]
[BlackElo "1799"]
[PlyCount "103"]
[EventDate "2011.??.??"]

1. c4 e5 2. g3 Nf6 3. Bg2 Be7 4. Nc3 O-O 5. Nf3 d6 6. d4 exd4 7. Nxd4 c6 8. O-O
Re8 9. h3 Nbd7 10. b3 Ne5 11. Bb2 Bd7 12. Qd2 Qa5 13. Rad1 Ng6 14. Nd5 Qd8 15.
Ne3 Qc8 16. Kh2 Bf8 17. Qc2 Re5 18. Nf3 Rh5 19. Bxf6 gxf6 20. Ng1 Ne5 21. f4
Ng6 22. Bf3 Rh6 23. h4 a5 24. Kg2 Be7 25. h5 Nf8 26. f5 Kh8 27. Qe4 Bd8 28.
Rxd6 Bc7 29. Rd3 a4 30. b4 a3 31. Rb1 Be5 32. g4 Qc7 33. c5 Bh2 34. Nf1 Be5 35.
e3 Kg7 36. Bd1 Be8 37. Nf3 Bb2 38. Bb3 Nd7 39. Qe7 Qc8 40. N1d2 Ne5 41. Nxe5
Bxe5 42. Nc4 Qc7 43. Qxc7 Bxc7 44. Nd6 Bxd6 45. Rxd6 Kf8 46. Rbd1 Ke7 47. Kf3
Rb8 48. R1d4 b6 49. cxb6 Rxb6 50. Rd8 Rb5 51. Ra8 c5 52. Re4+ 1-0

[Event "Mechanics' Spring TNM; 30/90, SD/30"]
[Site "San Francisco"]
[Date "2011.04.26"]
[Round "7.8"]
[White "Rumph, Todd"]
[Black "Ramachandran, Jayakrishnan"]
[Result "1-0"]
[WhiteElo "2161"]
[BlackElo "1852"]
[PlyCount "77"]
[EventDate "2011.??.??"]

1. d4 Nf6 2. c4 e6 3. Nc3 d5 4. cxd5 exd5 5. Bg5 Be7 6. e3 O-O 7. Bd3 Nbd7 8.
Qc2 c6 9. Nge2 h6 10. Bh4 Re8 11. f3 Nf8 12. O-O N6h7 13. Bf2 Bh4 14. e4 Bxf2+
15. Rxf2 Be6 16. e5 g6 17. f4 Bg4 18. f5 g5 19. h3 Bxe2 20. Nxe2 Rc8 21. b4 b6
22. f6 Rc7 23. Ng3 c5 24. Rc1 c4 25. Nf5 Qa8 26. Nxh6+ Kh8 27. Bf5 Qc6 28. Bxh7
Nxh7 29. Nf5 c3 30. Rf3 Qe6 31. Ng7 Qd7 32. Nxe8 Qxe8 33. Rxc3 Rxc3 34. Qxc3
Nf8 35. Qc8 Qxc8 36. Rxc8 Kg8 37. g4 a5 38. bxa5 bxa5 39. a4 1-0

[Event "Mechanics' Spring TNM; 30/90, SD/30"]
[Site "San Francisco"]
[Date "2011.04.19"]
[Round "6.24"]
[White "Saldona, Jose"]
[Black "Capdeville, Barry"]
[Result "1-0"]
[WhiteElo "1016"]
[BlackElo "1309"]
[PlyCount "41"]
[EventDate "2011.??.??"]

1. e4 c5 2. c4 d6 3. a3 Nf6 4. Nc3 Nc6 5. b4 b6 6. b5 Nd4 7. Bb2 e6 8. Nf3
Nxf3+ 9. Qxf3 Be7 10. e5 Bb7 11. Qxb7 dxe5 12. g3 O-O 13. Bg2 Qd3 14. Bf1 Qf5
15. Qxe7 Ng4 16. O-O-O Nxf2 17. Bg2 Rae8 18. Qxf8+ Kxf8 19. Rhf1 Nd3+ 20. Kb1
Nb4+ 21. Rxf5 1-0

[Event "Mechanics' Spring TNM; 30/90, SD/30"]
[Site "San Francisco"]
[Date "2011.03.29"]
[Round "3.21"]
[White "Saldona, Jose"]
[Black "Litowsky, Daniel"]
[Result "0-1"]
[WhiteElo "1016"]
[BlackElo "1700"]
[PlyCount "80"]
[EventDate "2011.??.??"]

1. e4 e5 2. Nf3 Nc6 3. Bc4 Bc5 4. c3 Nf6 5. Bd5 d6 6. d4 exd4 7. cxd4 Bb4+ 8.
Nc3 Nxd5 9. exd5 Qe7+ 10. Be3 Nd8 11. Qa4+ Bd7 12. Qxb4 O-O 13. O-O a5 14. Qc4
Bg4 15. Nb5 Rc8 16. Rfe1 Qf6 17. Bg5 Qf5 18. Bxd8 Rfxd8 19. Qe2 h6 20. Nh4 Qg5
21. Qe7 Qxd5 22. Nxc7 Qxd4 23. Re4 Qxb2 24. Rae1 Bd7 25. Qxd6 Bc6 26. R4e2 Qb6
27. Qe7 Qxc7 28. Qxc7 Rxc7 29. Nf5 Kf8 30. Ne7 Rxe7 31. Rxe7 Rd2 32. Rc7 Rxa2
33. Rd1 g6 34. g4 a4 35. h3 a3 36. Rd8+ Kg7 37. Kh2 Rxf2+ 38. Kg3 a2 39. Rd1
Rg2+ 40. Kh4 Be4 0-1

[Event "Mechanics' Spring TNM; 30/90, SD/30"]
[Site "San Francisco"]
[Date "2011.04.19"]
[Round "6.2"]
[White "Shakhnazarov, Oleg"]
[Black "Abraham, Renjish"]
[Result "1-0"]
[WhiteElo "2160"]
[BlackElo "1807"]
[PlyCount "99"]
[EventDate "2011.??.??"]

1. e4 c5 2. Nf3 d6 3. d4 cxd4 4. Nxd4 Nf6 5. Nc3 g6 6. Be2 Bg7 7. g4 Nc6 8. g5
Nd7 9. Be3 Nb6 10. Qd2 Ne5 11. b3 Ng4 12. O-O-O Nxe3 13. Qxe3 Bd7 14. f4 Qc7
15. Ndb5 Bxb5 16. Bxb5+ Kf8 17. Ne2 Rc8 18. Bd3 a6 19. Kb1 Nd7 20. c4 Nc5 21.
Bc2 Qa5 22. Rhf1 Qa3 23. e5 b5 24. Nd4 bxc4 25. exd6 exd6 26. Qc1 Qb4 27. Ne2
Rb8 28. Qd2 Qxd2 29. Rxd2 cxb3 30. axb3 Nxb3 31. Bxb3 Rxb3+ 32. Ka2 Re3 33. Ng3
Ke7 34. f5 Be5 35. f6+ Ke6 36. Rb1 Rd8 37. Rb7 Rd7 38. Rb8 Bxg3 39. Re8+ Kf5
40. Rxe3 Be5 41. h4 Rc7 42. Rf2+ Ke6 43. Rh3 a5 44. h5 Rb7 45. hxg6 hxg6 46.
Rh8 a4 47. Re8+ Kd7 48. Re7+ Kc6 49. Rc2+ Kb6 50. Rc4 {
and W won in a couple more moves} 1-0

[Event "Mechanics' Spring TNM; 30/90, SD/30"]
[Site "San Francisco"]
[Date "2011.04.05"]
[Round "4.5"]
[White "Shakhnazarov, Oleg"]
[Black "Curto, Wayne"]
[Result "1-0"]
[WhiteElo "2160"]
[BlackElo "1900"]
[PlyCount "89"]
[EventDate "2011.??.??"]

1. e4 c6 2. d4 d5 3. e5 Bf5 4. g4 Be4 5. f3 Bg6 6. h4 h5 7. e6 Qd6 8. exf7+
Kxf7 9. g5 Qg3+ 10. Ke2 Nd7 11. Be3 Qd6 12. Bh3 Re8 13. f4 e6 14. Nf3 Ne7 15.
Nbd2 Nf5 16. Bxf5 Bxf5 17. c4 c5 18. Qb3 b6 19. Ne5+ Nxe5 20. fxe5 Qc6 21. Raf1
g6 22. Rhg1 Kg7 23. cxd5 exd5 24. Qc3 c4 25. Rxf5 gxf5 26. b3 b5 27. Qc2 c3 28.
Nf3 Kg6 29. Ne1 Be7 30. Nd3 Ref8 31. Nf4+ Kg7 32. Kf2 Ba3 33. Qe2 c2 34. Bc1
Bxc1 35. Rxc1 Rc8 36. Qf3 Qc3 37. Qxc3 Rxc3 38. Nxd5 Rh3 39. Ne3 f4 40. Nf5+
Kf7 41. Kg2 Rc3 42. d5 Rd8 43. e6+ Kg6 44. e7 Re8 45. d6 1-0

[Event "Mechanics' Spring TNM; 30/90, SD/30"]
[Site "San Francisco"]
[Date "2011.05.03"]
[Round "8.2"]
[White "Shakhnazarov, Oleg"]
[Black "Morrison, Kyle"]
[Result "1-0"]
[WhiteElo "2160"]
[BlackElo "2249"]
[PlyCount "89"]
[EventDate "2011.??.??"]

1. d4 Nf6 2. Nf3 e6 3. Bf4 c5 4. e3 b6 5. c3 Bb7 6. Nbd2 Be7 7. Bd3 cxd4 8.
exd4 d6 9. O-O O-O 10. Re1 Re8 11. Qc2 Nbd7 12. Rad1 Nf8 13. Bb5 N8d7 14. h3 a6
15. Bd3 Nf8 16. Ng5 Rc8 17. a3 Qd7 18. f3 Ng6 19. Bh2 b5 20. f4 Nf8 21. f5 Qc6
22. Ndf3 h6 23. fxe6 hxg5 24. exf7+ Kxf7 25. Nxg5+ Kg8 26. Bf5 Qd5 27. h4 Rb8
28. Re6 Bc8 29. Rde1 Bxe6 30. Rxe6 b4 31. axb4 Rb5 32. g4 g6 33. Bxg6 Nxe6 34.
Bf7+ Kh8 35. Bxe6 Qxe6 36. Nxe6 Nxg4 37. Bg3 Rg8 38. Nf4 Ne3 39. Ng6+ Kh7 40.
Nf8+ Kg7 41. Qh7+ Kxf8 42. Qh6+ Kf7 (42... Rg7 43. Qxe3 Bxh4 44. Qf4+) 43. Qxe3
Bxh4 44. Qf4+ Bf6 45. Kf2 1-0

[Event "Mechanics' Spring TNM; 30/90, SD/30"]
[Site "San Francisco"]
[Date "2011.03.23"]
[Round "2.2"]
[White "Shakhnazarov, Oleg"]
[Black "Puryear, Ted"]
[Result "1-0"]
[WhiteElo "2160"]
[BlackElo "1210"]
[PlyCount "51"]
[EventDate "2011.??.??"]

1. e4 c5 2. Nf3 Nc6 3. d4 cxd4 4. Nxd4 Nf6 5. Nc3 e5 6. Ndb5 d6 7. Bg5 a6 8.
Bxf6 gxf6 9. Na3 b5 10. Nd5 f5 11. Bd3 Be6 12. c3 Bxd5 13. exd5 Ne7 14. Nxb5 e4
15. Qa4 Bg7 16. Nc7+ Kf8 17. Nxa8 exd3 18. Qxa6 Nxd5 19. O-O Nf4 20. Nb6 Be5
21. Qc8 Ke7 22. Qxd8+ Kxd8 23. g3 Rg8 24. Kh1 Nh3 25. f4 Bf6 26. Kg2 1-0

[Event "Mechanics' Spring TNM; 30/90, SD/30"]
[Site "San Francisco"]
[Date "2011.04.19"]
[Round "6.16"]
[White "Sherwood, Peter"]
[Black "Litowsky, Daniel"]
[Result "1-0"]
[WhiteElo "1807"]
[BlackElo "1700"]
[PlyCount "39"]
[EventDate "2011.??.??"]

1. e4 e5 2. f4 d6 3. Nf3 Nc6 4. Bc4 Be7 5. O-O Nf6 6. d3 a6 7. a4 h6 8. Nc3 Be6
9. Nd5 O-O 10. Bd2 Bxd5 11. exd5 Nb8 12. Qe1 Nbd7 13. Qf2 e4 14. Nd4 Nb6 15.
Rae1 Qd7 16. Bb3 Nbxd5 17. dxe4 Nb6 18. Nf5 Rae8 19. Qg3 Nh5 20. Qg6 1-0

[Event "Mechanics' Spring TNM; 30/90, SD/30"]
[Site "San Francisco"]
[Date "2011.03.23"]
[Round "2.14"]
[White "Sherwood, Peter"]
[Black "Nelson, Christopher"]
[Result "1-0"]
[WhiteElo "1807"]
[BlackElo "1524"]
[PlyCount "149"]
[EventDate "2011.??.??"]

1. e4 e5 2. Nf3 Nc6 3. Bb5 g6 4. O-O Bg7 5. c3 Nge7 6. d4 exd4 7. cxd4 O-O 8.
Be3 d6 9. h3 a6 10. Bc4 b5 11. Bb3 Na5 12. Nc3 c6 13. Rc1 b4 14. Ne2 Nxb3 15.
Qxb3 a5 16. Qc2 Bb7 17. Rfd1 Qe8 18. Qd2 f6 19. Bh6 Qf7 20. Bxg7 Kxg7 21. a3
Ba6 22. Ng3 bxa3 23. bxa3 a4 24. Qf4 Rfd8 25. Re1 h6 26. Qg4 Kh7 27. e5 dxe5
28. dxe5 f5 29. Qh4 Kg7 30. Qxa4 f4 31. Ne4 Be2 32. Qb4 Bxf3 33. gxf3 Qe6 34.
Kh2 Nf5 35. Nd6 Nh4 36. Qxf4 g5 37. Rg1 Rf8 38. Qxh4 Qxe5+ 39. Qg3 Rf4 40. Ne4
Rxa3 41. Nxg5 hxg5 42. Qxg5+ Qxg5 43. Rxg5+ Kf6 44. Rg3 Raxf3 45. Rxf3 Rxf3 46.
Kg2 Rf5 47. Rxc6+ Kg5 48. Kg3 Ra5 49. h4+ Kh5 50. Rc4 Ra1 51. Rc5+ Kg6 52. Kf3
Rh1 53. Rg5+ Kh6 54. Rg4 Rh3+ 55. Kf4 Kh5 56. f3 Rh1 57. Kf5 Rh3 58. f4 Rh1 59.
Rg8 Kh6 60. Kf6 Kh7 61. Rg4 Kh6 62. f5 Kh5 63. Rg8 Rf1 64. Rh8+ Kg4 65. Rg8+
Kxh4 {draw offer} 66. Ke6 Re1+ 67. Kf7 Ra1 68. f6 Kh5 69. Re8 Ra7+ 70. Re7 Ra8
71. Kg7 Ra6 72. f7 Rg6+ 73. Kf8 Kh6 74. Ke8 Ra6 75. f8=Q+ 1-0

[Event "Mechanics' Spring TNM; 30/90, SD/30"]
[Site "San Francisco"]
[Date "2011.03.29"]
[Round "3.18"]
[White "Sherwood, Peter"]
[Black "Otterbach, Renate"]
[Result "1-0"]
[WhiteElo "1807"]
[BlackElo "838"]
[PlyCount "57"]
[EventDate "2011.??.??"]

1. e4 c5 2. Nf3 e6 3. d4 Nc6 4. Nc3 a6 5. Be3 Nf6 6. Qd2 Qb6 7. O-O-O h6 8. h3
Be7 9. g4 cxd4 10. Nxd4 O-O 11. Bg2 Nh7 12. Nxe6 fxe6 13. Bxb6 e5 14. Nd5 Bg5
15. Be3 Bd8 16. h4 d6 17. f3 Be6 18. g5 h5 19. g6 Nf6 20. Nxf6+ Rxf6 21. Bg5
Rxg6 22. Bh3 Bf7 23. Bf5 Re6 24. Bxe6 Bxe6 25. Qxd6 Bxg5+ 26. hxg5 Re8 27. g6
Nd4 28. Rxh5 Nb5 29. Rdh1 1-0

[Event "Mechanics' Spring TNM; 30/90, SD/30"]
[Site "San Francisco"]
[Date "2011.04.26"]
[Round "7.11"]
[White "Sherwood, Peter"]
[Black "Todortsev, Victor"]
[Result "1-0"]
[WhiteElo "1807"]
[BlackElo "1926"]
[PlyCount "149"]
[EventDate "2011.??.??"]

1. e4 e5 2. Nf3 Nc6 3. Bb5 a6 4. Ba4 d6 5. c3 Nf6 6. d4 b5 7. Bc2 Bg4 8. Be3
Be7 9. Nbd2 O-O 10. Nf1 Bh5 11. Ng3 Bg6 12. Nh4 Ng4 13. Nxg6 Nxe3 14. Nxe7+
Qxe7 15. fxe3 g6 16. Qg4 Kh8 17. O-O-O Na5 18. h4 Nc4 19. Rde1 h5 20. Qf3 (20.
Nxh5 Qe6) 20... Kg7 21. Ne2 c5 22. g4 Rh8 23. g5 Rhf8 24. Rhf1 f6 25. gxf6+
Rxf6 26. Qxf6+ Qxf6 27. Rxf6 Kxf6 28. Rf1+ Kg7 29. Bb3 Nxe3 30. Rf2 c4 31. Bd1
Rf8 32. Rxf8 Kxf8 33. Ng1 Kg7 34. Be2 Kf6 35. Kd2 Ng2 36. Nf3 exd4 37. cxd4 d5
38. exd5 Kf5 39. Bf1 Nf4 40. d6 Ke6 41. Ke3 Nd5+ 42. Ke4 Kxd6 43. Ne5 Ne7 44.
Bg2 Ke6 45. Kf4 Kf6 46. d5 Nf5 47. Nf3 b4 48. Ke4 c3 49. bxc3 bxc3 50. Kd3 c2
51. Kxc2 Ne3+ 52. Kd3 Nxg2 53. Ke4 a5 54. a4 Kf7 55. Ke5 Ke7 56. d6+ Kd7 57.
Kd5 Ne3+ 58. Kc5 Nf5 59. Ne5+ Kd8 60. Nxg6 Kd7 61. Ne5+ Kd8 62. d7 Kc7 63. Kd5
Ng7 64. Kc5 Nf5 65. Nf3 Kxd7 66. Kb5 Kc7 67. Kxa5 Kb7 68. Kb5 Ka7 {draw offer}
69. a5 Kb7 70. a6+ Ka7 71. Ka5 Nd6 72. Ne5 Nf5 73. Nc6+ Ka8 74. Kb6 Nxh4 75.
Ne7 {B time expired} 1-0

[Event "Mechanics' Spring TNM; 30/90, SD/30"]
[Site "San Francisco"]
[Date "2011.04.19"]
[Round "6.14"]
[White "Standen, Julian"]
[Black "Curto, Wayne"]
[Result "0-1"]
[WhiteElo "1758"]
[BlackElo "1900"]
[PlyCount "42"]
[EventDate "2011.??.??"]

1. d4 d5 2. Nf3 Nf6 3. Bf4 c5 4. e3 Qb6 5. Qc1 Nc6 6. c3 Bf5 7. Nbd2 Rc8 8. Be2
cxd4 9. exd4 h6 10. h3 g5 11. Be3 Bg7 12. O-O O-O 13. Ne5 Nb4 14. a3 Nc2 15.
Ra2 Nxe3 16. fxe3 Qe6 17. Qe1 Ne4 18. Nxe4 dxe4 19. Ng4 $4 Bxg4 20. Bxg4 Qxa2
21. Bxc8 Rxc8 0-1

[Event "Mechanics' Spring TNM; 30/90, SD/30"]
[Site "San Francisco"]
[Date "2011.04.12"]
[Round "5.16"]
[White "Standen, Julian"]
[Black "Davies, Daniel"]
[Result "0-1"]
[WhiteElo "1758"]
[BlackElo "1555"]
[Annotator "Donaldson"]
[PlyCount "88"]
[EventDate "2011.??.??"]

1. d4 Nf6 2. Nf3 e6 3. Bf4 d5 4. e3 c5 5. c3 Nc6 6. Nbd2 Be7 7. Bd3 O-O 8. Ne5
Nd7 9. Nxc6 bxc6 10. Nf3 a5 11. Ne5 Nxe5 12. Bxe5 Ba6 13. O-O f6 14. Bg3 Bxd3
15. Qxd3 c4 16. Qe2 Bd6 17. Bxd6 Qxd6 18. e4 e5 19. Rad1 Rad8 20. Rd2 Rfe8 21.
Rfd1 exd4 22. Rxd4 Qe6 23. Qd2 f5 24. exd5 Rxd5 25. Rxd5 cxd5 26. Kf1 Kh8 27.
Re1 Qxe1+ 28. Qxe1 Rxe1+ 29. Kxe1 Kg8 30. Kd2 Kf7 31. Ke3 Ke6 32. f4 a4 33. Kd4
Kd6 34. g3 h6 35. h3 h5 36. h4 (36. a3 g6 37. h4 Kc6 38. Ke5 Kc5 39. Kf6 d4 40.
cxd4+ Kxd4 41. Kxg6 Kd3 42. Kxh5 Kc2 43. Kg6 Kxb2 44. h5 c3 45. h6 c2 46. h7
c1=Q 47. h8=Q+ Kxa3 {should be a draw.}) 36... Kc6 37. Ke5 Kc5 38. Kxf5 (38. a3
$1 g6 39. Kf6 d4 40. cxd4+ Kxd4 41. Kxg6 Kd3 42. Kxh5 Kc2 43. Kg5 Kxb2 44. h5
c3 45. h6 c2 46. h7 c1=Q 47. h8=Q+ Kxa3 {
transposes to the line considered before - verdict a likely draw.}) 38... d4
39. cxd4+ (39. Ke4 d3 40. Ke3 Kd5 41. Kf3 Ke6 42. Ke3 Kf5 43. Kf3 g6 44. a3 d2
45. Ke2 Kg4 {wins for Black.}) 39... Kxd4 40. Kg6 $4 (40. a3 $1 Kd3 41. Kg6 Kc2
42. Kxg7 Kxb2 43. f5 c3 44. f6 c2 45. f7 c1=Q 46. f8=Q Qc3+ 47. Kh6 Qxg3 48.
Kxh5 Qxa3 $11) 40... a3 $1 41. Kxg7 axb2 42. f5 b1=Q 43. f6 c3 44. f7 Qb7 0-1

[Event "Mechanics' Spring TNM; 30/90, SD/30"]
[Site "San Francisco"]
[Date "2011.03.29"]
[Round "3.8"]
[White "Standen, Julian"]
[Black "Thornally, Frank"]
[Result "0-1"]
[WhiteElo "1758"]
[BlackElo "2200"]
[PlyCount "24"]
[EventDate "2011.??.??"]

1. d4 d6 2. Nf3 g6 3. c3 Bg7 4. e4 Nf6 5. Qc2 O-O 6. Be2 b6 7. Bg5 c5 8. dxc5
bxc5 9. Nbd2 Nc6 10. O-O Rb8 11. Rfd1 Be6 12. Rab1 Bxa2 {White resigned in
disgust having pitched a pawn but after Ra1 followed by Nc4 there is some
compensation.} 0-1

[Event "Mechanics' Spring TNM; 30/90, SD/30"]
[Site "San Francisco"]
[Date "2011.04.05"]
[Round "4.4"]
[White "Thornally, Frank"]
[Black "Hua, Arnold"]
[Result "1-0"]
[WhiteElo "2200"]
[BlackElo "1845"]
[PlyCount "55"]
[EventDate "2011.??.??"]

1. e4 e5 2. Bc4 Nf6 3. d3 Nc6 4. Nf3 Bc5 5. O-O d6 6. c3 Qe7 7. a4 a6 8. d4 Bb6
9. Qd3 Bg4 10. Nbd2 Nh5 11. Nb3 h6 12. a5 Ba7 13. Bd5 O-O 14. Re1 Kh8 15. Bd2
Nf6 16. Re3 Bxf3 17. Bxc6 bxc6 18. Rxf3 exd4 19. cxd4 Qxe4 20. Qc3 Ng8 21. Rc1
c5 22. dxc5 d5 23. Nd4 f6 24. Re1 Qg4 25. Rg3 Qh5 26. Ne6 Rf7 27. Qd3 Bb8 28.
Nf4 1-0

[Event "Mechanics' Spring TNM; 30/90, SD/30"]
[Site "San Francisco"]
[Date "2011.03.15"]
[Round "1.1"]
[White "Thornally, Frank"]
[Black "Newey, Richard"]
[Result "1/2-1/2"]
[WhiteElo "2200"]
[BlackElo "1735"]
[PlyCount "88"]
[EventDate "2011.??.??"]

1. e4 g6 2. d4 d6 3. Nc3 Bg7 4. f4 c5 5. d5 a6 6. a4 Nf6 7. Nf3 Bg4 8. Bd3 Nbd7
9. O-O Qc7 10. Qe2 Rc8 11. Bc4 Nb6 12. e5 Nh5 13. exd6 Qxd6 14. Ne4 Qd7 15. Be3
Bd4 16. Bxd4 cxd4 17. Bb3 O-O 18. Qd2 Bxf3 19. Rxf3 Nxd5 20. Qxd4 Ndf6 21. Qxd7
Nxd7 22. Rd1 Ndf6 23. Nxf6+ Nxf6 24. Rfd3 e6 25. c3 Rc6 26. Ba2 Kg7 27. Rd4
Rfc8 28. h3 Rb6 29. R1d2 Rc5 30. Kf1 h5 31. g3 Rf5 32. Rf2 e5 33. fxe5 Rxf2+
34. Kxf2 Rxb2+ 35. Ke3 Rxa2 36. exf6+ Kxf6 37. Rb4 Ra1 38. Rb6+ Kg7 39. Rxb7
Rxa4 40. Ra7 g5 41. c4 Ra3+ 42. Kf2 a5 43. c5 a4 44. c6 Ra2+ 1/2-1/2

[Event "Mechanics' Spring TNM; 30/90, SD/30"]
[Site "San Francisco"]
[Date "2011.04.26"]
[Round "7.7"]
[White "Thornally, Frank"]
[Black "Ochoa, Jason"]
[Result "1-0"]
[WhiteElo "2200"]
[BlackElo "1926"]
[PlyCount "113"]
[EventDate "2011.??.??"]

1. d4 Nc6 2. d5 Ne5 3. e4 Ng6 4. f4 e5 5. dxe6 fxe6 6. Nf3 Bb4+ 7. c3 Bc5 8.
Bd3 Nf6 9. e5 Ng4 10. Ng5 Nf2 $1 11. Bxg6+ hxg6 12. Qc2 Rh6 13. Rf1 Ng4 14. Qd3
Nxh2 15. Rh1 Qe7 16. Ke2 a5 17. Nd2 b6 18. Nf1 Ba6 19. c4 Nxf1 20. Rxh6 Ng3+ (
20... gxh6 $1) 21. Kf3 gxh6 22. Qxg6+ Kd8 23. Nf7+ Kc8 24. Kxg3 Bxc4 25. Bd2
Kb7 26. Nxh6 Rh8 27. b3 Bd5 28. Rh1 Rh7 29. Nf5 Rxh1 30. Nxe7 Bxe7 31. Qe8 Bh4+
32. Kg4 Be4 $2 (32... Bf2 $11) 33. g3 Bf5+ 34. Kf3 Rh3 35. Be1 Rh1 36. Bf2 Bxg3
37. Bxg3 Rd1 38. Bh4 Bb1 39. a3 Rd3+ 40. Ke2 Rxb3 41. Qxd7 Bf5 42. Be7 Rb2+ 43.
Kf3 Rc2 44. Kg3 Rc4 45. Bd6 Rc2 46. Kh4 Kb8 47. Kg5 cxd6 48. exd6 Rc5 49. Kf6
Bg4 50. Ke7 Bf5 51. Kd8 Ka8 52. Qc7 Rxc7 53. dxc7 e5 54. fxe5 b5 55. c8=Q+ Bxc8
56. Kxc8 b4 57. axb4 1-0

[Event "Mechanics' Spring TNM; 30/90, SD/30"]
[Site "San Francisco"]
[Date "2011.04.19"]
[Round "6.8"]
[White "Todortsev, Victor"]
[Black "Anderson, Michael"]
[Result "0-1"]
[WhiteElo "1926"]
[BlackElo "1900"]
[PlyCount "56"]
[EventDate "2011.??.??"]

1. Nf3 f5 2. e4 fxe4 3. Ne5 $6 (3. Ng5) 3... Nf6 4. d3 d6 5. Nc4 Bg4 6. Be2
exd3 7. Qxd3 Bxe2 8. Qxe2 g6 9. Nc3 Bg7 10. Bg5 O-O 11. O-O-O Nc6 12. f4 Qc8
13. h3 Nh5 $1 14. Qe4 (14. Qe3 h6 15. Bxe7 Nxe7 16. Qxe7 Bxc3 17. bxc3 Rxf4 $17
) 14... Ng3 15. Qe3 Nxh1 16. Rxh1 Bxc3 17. bxc3 b5 18. Nd2 e5 19. Qe4 Qe8 20.
Qd5+ Kg7 21. Re1 Ne7 22. Bxe7 Qxe7 23. fxe5 Rab8 24. Nf3 Qf7 25. e6 Qf4+ 26.
Kb2 b4 27. cxb4 Qxb4+ 28. Kc1 Rxf3 0-1

[Event "Mechanics' Spring TNM; 30/90, SD/30"]
[Site "San Francisco"]
[Date "2011.05.03"]
[Round "8.13"]
[White "Todortsev, Victor"]
[Black "Chalissery, Jossy"]
[Result "1/2-1/2"]
[WhiteElo "1926"]
[BlackElo "1737"]
[PlyCount "89"]
[EventDate "2011.??.??"]

1. e4 b6 2. d4 Bb7 3. Bd3 e6 4. Nf3 c5 5. c3 Nf6 6. Qe2 Be7 7. O-O Nc6 8. Bg5
cxd4 9. Nxd4 O-O 10. f4 h6 11. Bh4 Rc8 12. Na3 d5 13. e5 Nxd4 14. cxd4 Ne4 15.
Bxe7 Qxe7 16. Nc2 f6 17. a3 fxe5 18. fxe5 Rxf1+ 19. Rxf1 Rf8 20. Rxf8+ Qxf8 21.
Ne1 Qf4 22. g3 Qc1 23. Kg2 Ng5 24. Bg6 Ne4 25. Nf3 Ng5 26. h4 Nxf3 27. Qxf3 Qc7
28. g4 Qe7 29. Kg3 Bc6 30. Qc3 Qd7 31. g5 Bb7 32. Kg4 Ba6 33. Qc2 Qb5 34. Bh7+
Kh8 35. Bg6 Qe2+ 36. Qxe2 Bxe2+ 37. Kf4 hxg5+ 38. Kxg5 Kg8 39. Be8 Bd3 40. h5
Kf8 41. Bg6 Bxg6 42. Kxg6 Kg8 43. h6 gxh6 44. Kf6 ({
It looks like W could have won with} 44. Kxh6 Kf7 45. a4 a6 46. Kh7 {
and B will soon have to give up e6}) 44... h5 45. Kxe6 1/2-1/2

[Event "Mechanics' Spring TNM; 30/90, SD/30"]
[Site "San Francisco"]
[Date "2011.03.29"]
[Round "3.3"]
[White "Todortsev, Victor"]
[Black "Margulis, Igor"]
[Result "0-1"]
[WhiteElo "1926"]
[BlackElo "2100"]
[PlyCount "78"]
[EventDate "2011.??.??"]

1. d4 g6 2. e4 Bg7 3. f4 c6 4. Nf3 d5 5. e5 h5 6. Bd3 Nh6 7. O-O Bf5 8. b3 a5
9. Nc3 b5 10. a4 b4 11. Ne2 e6 12. c4 bxc3 13. Nxc3 Na6 14. Ba3 Bf8 15. Bxf8
Kxf8 16. Rc1 Nb4 17. Bxf5 Nxf5 18. Qd2 Kg7 19. Ne2 Qb6 20. Ng5 Rab8 21. Rc5 Rb7
22. Rfc1 Qa6 23. R1c3 Ra8 24. h3 h4 25. g4 hxg3 26. Nxg3 Nh4 27. Kf2 Rh8 28.
Ke3 Qb6 29. Qf2 Qd8 30. Kd2 Qe7 31. Qe2 Qd8 32. Kc1 Qb6 33. Kb2 Rc7 34. Qg4 Re7
35. Nf3 Nxf3 36. Rxf3 Kf8 37. h4 Na6 38. Rcc3 Qxd4 39. Qg5 Nc5 {
Black is winning and won after another 20 or so moves which are unavailable.}
0-1

[Event "Mechanics' Spring TNM; 30/90, SD/30"]
[Site "San Francisco"]
[Date "2011.03.23"]
[Round "2.3"]
[White "Todortsev, Victor"]
[Black "Traub, Igor"]
[Result "1-0"]
[WhiteElo "1926"]
[BlackElo "2134"]
[PlyCount "86"]
[EventDate "2011.??.??"]

1. d4 Nf6 2. c4 c5 3. e3 d5 4. Nf3 Nc6 5. Nc3 e6 6. Bd3 Be7 7. O-O a6 8. a4 Nb4
9. Bb1 dxc4 10. Qe2 Nd3 11. Bxd3 cxd3 12. Qxd3 O-O 13. Ne5 Qc7 14. f4 Rd8 15.
a5 cxd4 16. exd4 Rxd4 17. Qf3 Nd5 18. Nxd5 Rxd5 19. Be3 Bc5 20. Rfc1 Bxe3+ 21.
Qxe3 Qd6 22. Nc4 Qd8 23. Nb6 Bd7 24. Nxd5 exd5 25. Qe5 Bc6 26. Rc3 Qd7 27. Rg3
g6 28. Re1 d4 29. Rd1 Re8 30. Qc5 Bb5 31. f5 d3 32. fxg6 hxg6 33. Re3 Rc8 34.
Qe5 Qg4 35. Rd2 Rc1+ 36. Re1 Rc6 37. h3 Qb4 38. Rf2 Rc8 39. Rxf7 Qxe1+ 40. Qxe1
Kxf7 41. Qf2+ Kg8 42. Qd4 Re8 43. Qf6 Kh7 {
White later won. Both players stopped keeping score here.} 1-0

[Event "Mechanics' Spring TNM; 30/90, SD/30"]
[Site "San Francisco"]
[Date "2011.04.05"]
[Round "4.6"]
[White "Traub, Igor"]
[Black "Anderson, Michael"]
[Result "1-0"]
[WhiteElo "2134"]
[BlackElo "1900"]
[PlyCount "51"]
[EventDate "2011.??.??"]

1. Nf3 f5 2. g3 Nf6 3. Bg2 g6 4. d4 Bg7 5. c4 O-O 6. Nc3 d6 7. O-O c6 8. Bg5 h6
9. Bf4 Nh5 10. Bd2 e5 11. dxe5 dxe5 12. e4 f4 13. Nh4 Qe8 14. Bf3 Nf6 15. gxf4
exf4 16. Kh1 Nbd7 17. Bxf4 g5 18. Nf5 Ne5 19. Bxe5 Qxe5 20. Qd6 Qxd6 21. Nxd6
Be6 22. Nxb7 Nd7 23. Kg2 Rab8 24. Na5 Rxb2 25. Rae1 Ne5 26. Be2 {
remainder illegible} 1-0

[Event "Mechanics' Spring TNM; 30/90, SD/30"]
[Site "San Francisco"]
[Date "2011.04.19"]
[Round "6.6"]
[White "Traub, Igor"]
[Black "Chamberlain, Ethan"]
[Result "0-1"]
[WhiteElo "2134"]
[BlackElo "1829"]
[PlyCount "84"]
[EventDate "2011.??.??"]

1. e4 c5 2. Nf3 g6 3. d3 Nc6 4. g3 Bg7 5. Bg2 Nf6 6. O-O d5 7. Nbd2 O-O 8. Re1
dxe4 9. dxe4 Bg4 10. h3 Bxf3 11. Qxf3 Nd4 12. Qd1 Rb8 13. c3 Nc6 14. e5 Nh5 15.
Bxc6 bxc6 16. Nf3 Bh8 17. Qa4 Qc8 18. Kg2 Qc7 19. Qc4 Qa5 20. Qh4 Qc7 21. g4
Ng7 22. Ng5 h5 23. Bf4 f6 24. exf6 Qxf4 25. Re4 Qxf6 26. Rae1 Rxb2 27. R1e2
Rxe2 28. Rxe2 e5 29. gxh5 Qf4 30. Qxf4 exf4 31. h6 f3+ 32. Nxf3 Nf5 33. Re6 Kh7
34. Rxc6 Bxc3 35. Rxc5 Bf6 36. Rc7+ Kxh6 37. Rxa7 Nh4+ 38. Nxh4 Bxh4 39. f3 Rb8
40. f4 Rc8 41. Kf3 Rc3+ 42. Kg4 Bf2 0-1

[Event "Mechanics' Spring TNM; 30/90, SD/30"]
[Site "San Francisco"]
[Date "2011.03.15"]
[Round "1.5"]
[White "Traub, Igor"]
[Black "Oca, Homer"]
[Result "1-0"]
[WhiteElo "2134"]
[BlackElo "1674"]
[PlyCount "43"]
[EventDate "2011.??.??"]

1. e4 e5 2. Bc4 Nc6 3. Nf3 Bc5 4. O-O h6 5. c3 Qf6 6. d4 exd4 7. e5 Qg6 8. cxd4
Be7 9. Nc3 Bd8 10. d5 Na5 11. Bd3 Qh5 12. b4 f5 13. bxa5 d6 14. exd6 cxd6 15.
Nb5 Nf6 16. Nxd6+ Kf8 17. Re1 Bxa5 18. Ba3 Kg8 19. Nxc8 Rxc8 20. Re5 g6 21. Qb3
Rh7 22. d6+ 1-0